000
00241nam a2200109 4500
999
_c
8253
_d
8253
003
OSt
005
20201008121648.0
008
201008b ||||| |||| 00| 0 eng d
082
_a
707
_b
HAL
245
_a
Art materials and terms used
942
_2
ddc